| 000 | 00417cam a2200181ua 4500 | ||
|---|---|---|---|
| 020 | _c2.50 | ||
| 041 |
_ahin _h |
||
| 082 |
_a891.54 _bJAY/AN |
||
| 100 | _aJayashankar , Prasad . | ||
| 245 |
_aAndhi / _cJayashankar prasad. _hTextual Documents |
||
| 250 |
_a8 / _b. |
||
| 260 |
_a : _bBharati Bhandar , _c1963. |
||
| 300 | _a155 ; . | ||
| 365 | _a2.50 | ||
| 504 | _a | ||
| 942 | _cBK | ||
| 999 |
_c8268 _d8268 |
||